000 00514nam a2200193 a 4500
001 1767175692953
003 ACL
005 20251231154031.0
008 251231s2008##################000#0#eng##
020 _a9781856175258
082 0 4 _a657.458
_bBAR
100 1 _aBarnes, David,
_eauthor.
245 1 0 _aThe Benefits of E-business Performance Measurement Systems :
260 _bCIMA Publishing,
_c2008.
300 _a82 pages
650 0 _aBusiness & Economics.
942 _cENGLISH
040 _aACL
_beng
_cACL
999 _c606263
_d606263